Statistics for Countries of the Spanish Empire

Click here to take the quiz!

General Stats

  • This quiz has been taken 27,579 times
    (26,999 since last reset)
  • The average score is 23 of 33

Answer Stats

Years Country % Correct
1519-1821Mexico
96%
1553-1816Argentina
94%
1541-1818Chile
91%
1525-1810Colombia
91%
1535-1821Peru
89%
1527-1811Venezuela
88%
1511-1898Cuba
87%
1510-1821Panama
87%
1724-1811Uruguay
86%
1537-1811Paraguay
86%
1508-1898United States
84%
1548-1825Bolivia
84%
1536-1821Honduras
83%
1534-1822Ecuador
83%
1524-1821Costa Rica
82%
1524-1821Guatemala
82%
1525-1821El Salvador
81%
1524-1821Nicaragua
80%
1498-1795Dominican Republic
78%
-Spain
76%
1884-1975Morocco / Western Sahara
72%
1498-1625Haiti
68%
1556-1674France (French-Comté)
66%
1565-1898Philippines
64%
1556-1759Italy
59%
1509-1655Jamaica
56%
1592-1797Trinidad and Tobago
53%
1556-1581Netherlands
42%
1556-1714Belgium
39%
1778-1968Equatorial Guinea
33%
1556-1714Luxembourg
24%
1565-1899F. S. Micronesia
10%
1574-1899Palau
9%

Score Distribution

Percentile by Number Answered

Percent of People with Each Score

Your Score History

You have not taken this quiz since the last reset